[Event "GER CM01-C email"]
[Site "GER email"]
[Date "2014.09.25"]
[Round "?"]
[White "Bolz, Joachim"]
[Black "Schwichow, Peter"]
[Result "1/2-1/2"]
[WhiteElo "2255"]
[BlackElo "2367"]
[PlyCount "111"]
[EventDate "2014.??.??"]
[EventType "tourn (corr)"]
[EventRounds "12"]
[EventCountry "GER"]
[SourceTitle "Corr 2017"]
[Source "ChessBase"]
[SourceDate "2017.09.19"]
[SourceVersion "1"]
[SourceVersionDate "2017.09.19"]
[SourceQuality "1"]

1. d4 Nf6 2. c4 e6 3. Nf3 b6 4. Nc3 Bb4 5. e3 Bb7 6. Bd3 0-0 7. 0-0 d5 8. cxd5 exd5 9. a3 Bd6 10. b4 a6 11. Qb3 Nbd7 12. a4 Qe7 13. Ba3 Rfb8 14. a5 b5 15. Rfe1 Re8 16. Bf5 Rad8 17. g3 h6 18. Nh4 Ne4 19. Nxd5 Qg5 20. Rad1 Ndf6 21. Nf4 Nd5 22. Qc2 Nxb4 23. Qb3 Nd5 24. Bxe4 Rxe4 25. Bxd6 cxd6 26. Nfg2 b4 27. f3 Ree8 28. Rd3 Bc6 29. e4 Bb5 30. f4 Qf6 31. Rd2 Nc3 32. e5 dxe5 33. fxe5 Qe7 34. Nf5 Qg5 35. Nge3 Rxe5 36. Rf2 Ree8 37. Qxb4 Rc8 38. h4 Qd8 39. Rc2 Ne4 40. Rxc8 Qxc8 41. d5 Qc3 42. Qxc3 Nxc3 43. Nd6 Re5 44. Nxb5 Nxb5 45. g4 Kf8 46. Kf2 h5 47. gxh5 Nc3 48. Rc1 Nxd5 49. Rc8+ Ke7 50. Nxd5+ Rxd5 51. Rc7+ Ke8 52. Rc8+ Kd7 53. Rh8 Rxa5 54. h6 gxh6 55. Rxh6 Ke7 56. h5 1/2-1/2

[Event "GER CM01-C email"]
[Site "GER email"]
[Date "2014.09.25"]
[Round "?"]
[White "Jenkinson, Simon W"]
[Black "Schwichow, Peter"]
[Result "1/2-1/2"]
[WhiteElo "2288"]
[BlackElo "2367"]
[PlyCount "67"]
[EventDate "2014.??.??"]
[EventType "tourn (corr)"]
[EventRounds "12"]
[EventCountry "GER"]
[SourceTitle "Corr 2017"]
[Source "ChessBase"]
[SourceDate "2017.09.19"]
[SourceVersion "1"]
[SourceVersionDate "2017.09.19"]
[SourceQuality "1"]

1. d4 Nf6 2. c4 e6 3. Nc3 Bb4 4. e3 0-0 5. Bd3 d5 6. Nf3 c5 7. 0-0 Nc6 8. cxd5 exd5 9. dxc5 Bxc5 10. h3 Qe7 11. b3 Rd8 12. Bb2 Bd7 13. Rc1 Rac8 14. Bb1 Be6 15. Ne2 Ba3 16. Bxa3 Qxa3 17. Nfd4 h6 18. Qd3 Bd7 19. Nc3 Nxd4 20. Qxd4 Qc5 21. Qxc5 Rxc5 22. Ne2 Rdc8 23. Rxc5 Rxc5 24. Rd1 g6 25. f3 Kg7 26. Kf2 a5 27. g4 Ng8 28. Bd3 Ne7 29. h4 b5 30. a3 Nc6 31. Nf4 b4 32. a4 Ne5 33. Ba6 Be6 34. Ne2 1/2-1/2

[Event "GER CM01-C email"]
[Site "GER email"]
[Date "2014.09.25"]
[Round "?"]
[White "Schwichow, Peter"]
[Black "Zielasko, Andreas"]
[Result "1/2-1/2"]
[WhiteElo "2367"]
[BlackElo "2277"]
[PlyCount "103"]
[EventDate "2014.??.??"]
[EventType "tourn (corr)"]
[EventRounds "12"]
[EventCountry "GER"]
[SourceTitle "Corr 2017"]
[Source "ChessBase"]
[SourceDate "2017.09.19"]
[SourceVersion "1"]
[SourceVersionDate "2017.09.19"]
[SourceQuality "1"]

1. c4 e5 2. Nc3 Nf6 3. Nf3 Nc6 4. g3 Bb4 5. Bg2 0-0 6. 0-0 e4 7. Ng5 Bxc3 8. bxc3 Re8 9. f3 e3 10. d3 d5 11. Qb3 Na5 12. Qa3 c6 13. cxd5 cxd5 14. f4 Nc6 15. Nf3 Bg4 16. h3 Bd7 17. Bb2 Rc8 18. Rac1 a5 19. Ba1 h6 20. Kh2 b5 21. c4 b4 22. Qb3 dxc4 23. dxc4 Qe7 24. Rfd1 Ne4 25. Qxe3 Nc5 26. Qxe7 Nxe7 27. Rd2 Bc6 28. Nd4 Be4 29. Bxe4 Nxe4 30. Rdc2 Rc5 31. Kg2 a4 32. e3 Rec8 33. Kf3 Nd6 34. Ke2 Rxc4 35. Rxc4 Nxc4 36. e4 a3 37. Nb3 Rc6 38. Nd2 Na5 39. Rxc6 Nexc6 40. Kd3 h5 41. Kc2 f6 42. Nb3 Nc4 43. Kd3 Nd6 44. Bd4 Nb5 45. Bc5 Kf7 46. Nc1 Nc3 47. Bxb4 Nxe4 48. Be1 Nd6 49. Ne2 Ke6 50. Nd4+ Nxd4 51. Kxd4 g5 52. fxg5 1/2-1/2

[Event "GER CM01-C email"]
[Site "GER email"]
[Date "2014.09.25"]
[Round "?"]
[White "Semmelroth, Heinz Dieter"]
[Black "Schwichow, Peter"]
[Result "0-1"]
[WhiteElo "2285"]
[BlackElo "2367"]
[PlyCount "154"]
[EventDate "2014.??.??"]
[EventType "tourn (corr)"]
[EventRounds "12"]
[EventCountry "GER"]
[SourceTitle "Corr 2017"]
[Source "ChessBase"]
[SourceDate "2017.09.19"]
[SourceVersion "1"]
[SourceVersionDate "2017.09.19"]
[SourceQuality "1"]

1. d4 Nf6 2. c4 e6 3. Nf3 b6 4. g3 Ba6 5. b3 Bb4+ 6. Bd2 Be7 7. Bg2 d5 8. cxd5 exd5 9. Nc3 0-0 10. 0-0 Re8 11. Ne5 Bb7 12. Rc1 Nbd7 13. Nb5 c5 14. Bf4 Nf8 15. Bh3 a6 16. Nxf7 Kxf7 17. Bc7 axb5 18. Bxd8 Rexd8 19. Rc2 Ne6 20. e3 b4 21. f3 Nc7 22. Qc1 Nb5 23. dxc5 bxc5 24. Rxc5 Nc3 25. Rxc3 bxc3 26. Qxc3 Rxa2 27. b4 d4 28. exd4 Nd5 29. Qc4 Ra3 30. Re1 Rc3 31. Be6+ Kf8 32. Qa2 Bf6 33. Qa7 Rc7 34. Bxd5 Rxd5 35. Qb8+ Bd8 36. b5 Rcd7 37. Qf4+ Rf7 38. Qd2 Bf6 39. Qb4+ Be7 40. Qc4 g6 41. h4 Rd8 42. f4 Bf6 43. Rd1 Rd5 44. Rd3 h5 45. Kh2 Rfd7 46. Rd2 Bxd4 47. Kh3 Bb6 48. Rxd5 Bxd5 49. Qb4+ Kf7 50. f5 gxf5 51. Qc3 Be6 52. Qh8 f4+ 53. Kg2 Rd5 54. Qh7+ Kf6 55. Qh6+ Ke7 56. Qh7+ Kd6 57. gxf4 Rd2+ 58. Kg3 Bf2+ 59. Kg2 Bd5+ 60. Kf1 Bd4 61. b6 Bf3 62. Qc7+ Ke6 63. Qc8+ Ke7 64. Qc7+ Kf6 65. Qd8+ Kf5 66. Qg5+ Ke4 67. Qe7+ Kd3 68. Qa3+ Bc3 69. Qd6+ Kc4 70. Qc7+ Kb3 71. Qf7+ Kb2 72. b7 Bg2+ 73. Kg1 Bd4+ 74. Kh2 Bxb7+ 75. Kh3 Bf3 76. Kg3 Rd3 77. Kh2 Kc1 0-1

[Event "GER-ch43 final email"]
[Site "GER email"]
[Date "2012.10.22"]
[Round "?"]
[White "Schilcher, Adrian"]
[Black "Schwichow, Peter"]
[Result "1-0"]
[WhiteElo "2306"]
[BlackElo "2144"]
[PlyCount "95"]
[EventDate "2012.10.22"]
[EventType "tourn (corr)"]
[EventRounds "12"]
[EventCountry "GER"]
[SourceTitle "Corr 2015"]
[Source "ChessBase"]
[SourceDate "2015.07.17"]
[SourceVersion "1"]
[SourceVersionDate "2015.07.17"]
[SourceQuality "1"]

1. e4 c5 2. Nf3 d6 3. c3 Nf6 4. h3 Nc6 5. Bd3 d5 6. e5 Nd7 7. Bb5 e6 8. 0-0 Be7 9. d4 Qb6 10. Ba4 0-0 11. Re1 f6 12. exf6 Nxf6 13. Bxc6 bxc6 14. b3 cxd4 15. cxd4 Ne4 16. Ba3 Bxa3 17. Nxa3 Qb4 18. Nc2 Qb5 19. Ne3 a5 20. Ng4 a4 21. Nge5 c5 22. Rc1 axb3 23. Qxb3 Qa5 24. dxc5 Nxc5 25. Qe3 Ne4 26. Re2 Qa7 27. Nd4 Qe7 28. Rec2 Qd6 29. Ndf3 Bd7 30. Rc7 Bb5 31. Rb7 Rfb8 32. Ra7 Rxa7 33. Qxa7 Be8 34. Rc7 Rb1+ 35. Kh2 Qf8 36. Rc8 Rb2 37. Nd3 Nd6 38. Ra8 Rc2 39. Qb6 Rc8 40. Rxc8 Nxc8 41. Qxe6+ Bf7 42. Qe5 Nb6 43. Qc7 Na4 44. Nfe5 Be8 45. Qd8 Nc3 46. Qa5 d4 47. Qd8 Kh8 48. Qxd4 1-0

[Event "GER-ch43 final email"]
[Site "GER email"]
[Date "2012.10.22"]
[Round "?"]
[White "Schwichow, Peter"]
[Black "Boehme, Sebastian"]
[Result "1/2-1/2"]
[WhiteElo "2144"]
[BlackElo "2262"]
[PlyCount "81"]
[EventDate "2012.10.22"]
[EventType "tourn (corr)"]
[EventRounds "12"]
[EventCountry "GER"]
[SourceTitle "Corr 2015"]
[Source "ChessBase"]
[SourceDate "2015.07.17"]
[SourceVersion "1"]
[SourceVersionDate "2015.07.17"]
[SourceQuality "1"]

1. Nf3 Nf6 2. c4 e6 3. g3 b6 4. Bg2 Bb7 5. 0-0 Be7 6. Nc3 0-0 7. Re1 d5 8. cxd5 Nxd5 9. e4 Nxc3 10. bxc3 c5 11. d4 cxd4 12. cxd4 Nd7 13. Bb2 Rc8 14. d5 Nc5 15. Rc1 Re8 16. Ne5 Bf8 17. Bd4 Rc7 18. h4 Qd6 19. Qd2 Rcc8 20. h5 h6 21. Rcd1 Qc7 22. Ng4 Qd8 23. Bb2 exd5 24. exd5 Rxe1+ 25. Rxe1 Qg5 26. Qd4 f6 27. Qd1 Kh8 28. Ne3 Re8 29. d6 Rd8 30. Bxb7 Nxb7 31. Qf3 Nxd6 32. Rd1 Nf7 33. Rxd8 Nxd8 34. Qa8 f5 35. Nd5 Bc5 36. Be5 Bxf2+ 37. Kg2 Kh7 38. Qxa7 Bxg3 39. Qxg7+ Qxg7 40. Bxg7 Kxg7 41. Kxg3 1/2-1/2

[Event "GER-ch43 final email"]
[Site "GER email"]
[Date "2012.10.22"]
[Round "?"]
[White "Schwichow, Peter"]
[Black "Stieger, Helmut G"]
[Result "1/2-1/2"]
[WhiteElo "2144"]
[BlackElo "2162"]
[PlyCount "83"]
[EventDate "2012.10.22"]
[EventType "tourn (corr)"]
[EventRounds "12"]
[EventCountry "GER"]
[SourceTitle "Corr 2015"]
[Source "ChessBase"]
[SourceDate "2015.07.17"]
[SourceVersion "1"]
[SourceVersionDate "2015.07.17"]
[SourceQuality "1"]

1. c4 e5 2. Nc3 Nf6 3. Nf3 Nc6 4. g3 Bc5 5. Bg2 d6 6. 0-0 0-0 7. d3 h6 8. a3 a5 9. e3 Bb6 10. b3 Bf5 11. h3 Qd7 12. Kh2 Bh7 13. Bb2 Rfe8 14. Rc1 Nd8 15. d4 exd4 16. exd4 Ne6 17. Qd2 Ne4 18. Nxe4 Bxe4 19. Bc3 c6 20. Rce1 f5 21. Nh4 Bxg2 22. Kxg2 d5 23. c5 Bc7 24. f4 Nf8 25. Rxe8 Rxe8 26. Nf3 Re4 27. Bxa5 Qe6 28. Rf2 Bb8 29. Qd1 Qg6 30. Nh4 Qf7 31. Nf3 Ne6 32. Nd2 Rxd4 33. Bc3 Rd3 34. Qc2 Nxc5 35. Bb4 Rxd2 36. Bxd2 Ne4 37. Re2 g5 38. Qd3 gxf4 39. gxf4 Qg6+ 40. Kh2 Kf7 41. Qf3 h5 42. Rg2 1/2-1/2

[Event "GER-ch43 final email"]
[Site "GER email"]
[Date "2012.10.22"]
[Round "?"]
[White "Schwichow, Peter"]
[Black "Tauber, Hans"]
[Result "1/2-1/2"]
[WhiteElo "2130"]
[BlackElo "2207"]
[PlyCount "61"]
[EventDate "2012.10.22"]
[EventType "tourn (corr)"]
[EventRounds "12"]
[EventCountry "GER"]
[SourceTitle "Corr 2015"]
[Source "ChessBase"]
[SourceDate "2015.07.17"]
[SourceVersion "1"]
[SourceVersionDate "2015.07.17"]
[SourceQuality "1"]

1. c4 c6 2. Nf3 d5 3. d4 Nf6 4. Nc3 e6 5. Bg5 h6 6. Bxf6 Qxf6 7. e3 Nd7 8. Bd3 dxc4 9. Bxc4 g6 10. 0-0 Bg7 11. Qc2 0-0 12. Bb3 Qe7 13. Ne4 e5 14. Ng3 Kh8 15. Rad1 f5 16. dxe5 Nxe5 17. Nxe5 Bxe5 18. Rd3 Be6 19. Rfd1 Bxb3 20. Qxb3 Rad8 21. Rxd8 Rxd8 22. Rxd8+ Qxd8 23. f4 Bc7 24. Qxb7 Bb6 25. Nf1 Qd5 26. Qc8+ Kg7 27. Qe8 Qxa2 28. Qd7+ Qf7 29. Qxc6 Qb3 30. Qd7+ Kg8 31. Qe8+ 1/2-1/2

[Event "GER-ch43 final email"]
[Site "GER email"]
[Date "2012.??.??"]
[Round "?"]
[White "Bellmann, Herbert"]
[Black "Schwichow, Peter"]
[Result "1/2-1/2"]
[WhiteElo "2267"]
[BlackElo "2080"]
[PlyCount "95"]
[EventDate "2012.10.22"]
[EventType "tourn (corr)"]
[EventRounds "12"]
[EventCountry "GER"]
[SourceTitle "Corr 2015"]
[Source "ChessBase"]
[SourceDate "2015.07.17"]
[SourceVersion "1"]
[SourceVersionDate "2015.07.17"]
[SourceQuality "1"]

1. e4 c5 2. Nf3 d6 3. d4 cxd4 4. Nxd4 Nf6 5. Nc3 a6 6. h3 e6 7. g4 Be7 8. g5 Nfd7 9. h4 b5 10. a3 Bb7 11. Be3 Nc6 12. Qd2 0-0 13. 0-0-0 Rc8 14. Rh3 Nxd4 15. Bxd4 Nc5 16. Qe2 Qa5 17. f4 Rfe8 18. Kb1 b4 19. axb4 Qxb4 20. g6 fxg6 21. h5 g5 22. fxg5 Rb8 23. g6 Bf6 24. Na2 Qb6 25. h6 hxg6 26. hxg7 Bxd4 27. Rxd4 Bxe4 28. Rb4 Qd8 29. Rxb8 Qxb8 30. Qh2 g5 31. Nc3 Bg6 32. Rg3 Kxg7 33. Rxg5 Qd8 34. Qg3 Qf6 35. Be2 Kf7 36. Bh5 Bxh5 37. Rxh5 Qg6 38. Qh4 Rg8 39. b4 Nd7 40. Rh6 Qg1+ 41. Ka2 Qg2 42. Kb3 Qg1 43. Kb2 Rg6 44. Qf4+ Kg7 45. Rxg6+ Kxg6 46. Qxd6 Qb6 47. Qf4 a5 48. Qg4+ 1/2-1/2